[Event "Leon University tt (Women)"]
[Site "Leon"]
[Date "1996.??.??"]
[Round "5"]
[White "Qin Kanying"]
[Black "Khurtsidze, Nino"]
[Result "0-1"]
[WhiteElo "2370"]
[BlackElo "2395"]

1.e4 c5 2.Nf3 e6 3.d4 cxd4 4.Nxd4 a6 5.Nc3 Qc7 6.Be2 Nf6 7.O-O Be7 8.f4 d6
9.Be3 O-O 10.Bf3 Nc6 11.Nxc6 bxc6 12.Na4 Rb8 13.c4 c5 14.Qc2 Bb7 15.Rad1 Nd7
16.Nc3 Rbd8 17.Kh1 Nb8 18.Qf2 Nc6 19.b3 Qa5 20.Na4 e5 21.f5 Nd4 22.g3 Rb8
23.h4 Bc6 24.Bd2 Qd8 25.Nc3 a5 26.Rb1 Qd7 27.Ne2 Qb7 28.Nxd4 exd4 29.Rfe1 Qc7
30.g4 Bf6 31.g5 Be5 32.Kg2 Rb7 33.Qe2 Rfb8 34.Qd3 a4 35.Bd1 Qd7 36.Bg4 axb3
37.axb3 Ra7 38.Rb2 Ra3 39.Bf3 Qb7 40.Reb1 Rba8 41.Kf2 Qa6 42.Ke2 Ra1 43.b4 Rxb1
44.Rxb1 Qa2 45.b5 Bb7 46.Qb3 d3+ 47.Ke1 Bg3+ 48.Kd1 Qxb3+ 49.Rxb3 Ra1+  0-1

[Event "Leon University tt (Women)"]
[Site "Leon"]
[Date "1996.??.??"]
[Round "9"]
[White "Wang Pin"]
[Black "Khurtsidze, Nino"]
[Result "0-1"]
[WhiteElo "2345"]
[BlackElo "2395"]

1.e4 c5 2.Nf3 e6 3.d4 cxd4 4.Nxd4 a6 5.Nc3 Qc7 6.Be2 Nf6 7.O-O Be7 8.Be3 O-O
9.f4 d6 10.a4 Nc6 11.Kh1 Re8 12.Bf3 Bd7 13.Nb3 b6 14.g4 Bc8 15.g5 Nd7 16.Bg2 Bb7
17.Qh5 Nb4 18.Rac1 d5 19.e5 Nc5 20.Nd4 g6 21.Qh4 Ne4 22.Nce2 Nc6 23.Rf3 h5
24.Rh3 Bc5 25.c3 Ne7 26.Bf3 Kg7 27.Qe1 Qc6 28.b4 Bxd4 29.Bxd4 Qxa4 30.Bxb6 Rac8
31.Bg2 Rc4 32.Bg1 Rec8 33.Nd4 Qd7 34.Nb3 Nc6 35.Rd3 Qc7 36.Be3 Ba8 37.Bg1 Nxb4
38.cxb4 Rxc1 39.Nxc1 Qxc1 40.Qe3 Qb1 41.Ra3 Rc2 42.Bxe4 d4  0-1

[Event "Wch U26"]
[Site "Leon"]
[Date "1996.??.??"]
[Round "9"]
[White "Forster, Richard"]
[Black "Cacho Reigadas, Sergio"]
[Result "1/2-1/2"]
[WhiteElo "2320"]
[BlackElo "2410"]

1.e4 c5 2.Nf3 e6 3.d4 cxd4 4.Nxd4 a6 5.Nc3 Qc7 6.Bd3 Nf6 7.O-O Nc6 8.Nxc6 dxc6
9.f4 e5 10.Kh1 Bc5 11.Qe1 Ng4 12.Qg3 h5 13.f5 b5 14.Be2 Nf6 15.Bf4 Ng4 16.Bc1 Nf6
17.Bf4 Ng4 18.Bd2 Nf6 19.Qxg7 Rh7 20.Qxf6 Be7 21.Nd5 cxd5 22.Ba5 Bxf6 23.Bxc7 d4
24.Bd6 Bb7 25.Bf3 Rc8 26.c3 dxc3 27.bxc3 Rxc3 28.a4 Rd3  1/2-1/2

[Event "Lippstadt"]
[Site "Lippstadt"]
[Date "1996.??.??"]
[Round "7"]
[White "Wehmeier, Stefan"]
[Black "Pedzich, Dominik"]
[Result "1/2-1/2"]
[WhiteElo "2400"]
[BlackElo "2445"]

1.e4 c5 2.Nf3 e6 3.Nc3 a6 4.d4 cxd4 5.Nxd4 d6 6.Be2 Nf6 7.f4 Qc7 8.a4 Be7
9.Be3 Nc6 10.O-O O-O 11.Qe1 Nxd4 12.Bxd4 e5 13.fxe5 dxe5 14.Qg3 Bc5 15.Bxc5 Qxc5+
16.Kh1 Kh8 17.Rxf6 gxf6 18.Qh4 Rg8 19.Qxf6+ Rg7 20.Rd1 Be6 21.Rd8+ Rxd8 22.Qxd8+ Rg8
23.Qf6+  1/2-1/2

[Event "Lisboa VI Finalissima"]
[Site "Lisboa"]
[Date "1996.??.??"]
[Round "1"]
[White "Rodrigues, Adriano Pfuhl"]
[Black "Guerra, Victor"]
[Result "1/2-1/2"]
[WhiteElo "2000"]
[BlackElo "2000"]

1.e4 c5 2.Nf3 e6 3.d4 cxd4 4.Nxd4 a6 5.Nc3 Qc7 6.g3 Nf6 7.Bg2 Bc5 8.Be3 d6
9.Qe2 O-O 10.O-O Bd7 11.Nb3 Bb4 12.Rfd1 Bc6 13.Rd3 Nbd7 14.a3 Bc5 15.Nxc5 Nxc5
16.Bxc5 dxc5 17.Rad1 Rfd8 18.e5 Rxd3 19.Rxd3 Nd7 20.Bxc6 Qxc6 21.Qd2 Nf8
22.Rd6  1/2-1/2

[Event "Litomysl op"]
[Site "Litomysl"]
[Date "1996.??.??"]
[Round "4"]
[White "Mirumian, Vigen"]
[Black "Helis, Tadeusz"]
[Result "1-0"]
[WhiteElo "2430"]
[BlackElo "2245"]

1.e4 c5 2.Nf3 e6 3.Nc3 a6 4.d4 cxd4 5.Nxd4 Qc7 6.g3 Nc6 7.Bg2 Nf6 8.O-O Bc5
9.Nb3 Ba7 10.a4 d6 11.Kh1 Ne5 12.f4 Nc4 13.Qe2 h5 14.Bf3 Bd7 15.Kg2 O-O-O
16.Rd1 Kb8 17.Rd3 Ng4 18.Nd4 Qc8 19.b3 Bxd4 20.Rxd4 Nce3+ 21.Bxe3 Qxc3 22.Re1 Nxe3+
23.Qxe3 Qxc2+ 24.Re2 Qc7 25.Red2 Bc6 26.Qc3 h4 27.Qb4 hxg3 28.hxg3 d5 29.exd5 exd5
30.Re2 Rd6 31.Re5 Qd7 32.f5 Qc7 33.Re3 Rdh6 34.Kf2 Qd7 35.g4 Qc7 36.Bg2 Rh2
37.Rg3 Qe5 38.Qd2 Re8 39.b4 g6 40.Rf3 gxf5 41.Rxf5 Qe7 42.Qf4+ Qc7 43.Qxc7+ Kxc7
44.Rxf7+ Kb8 45.Kg3 Rh6 46.a5 Re2 47.Bf3 Rc2 48.g5 Rg6 49.Kg4 Rg8 50.Rdf4 Rc1
51.Rf8+ Rxf8 52.Rxf8+ Kc7 53.g6 Rf1 54.Kg3 Rg1+ 55.Bg2 d4 56.Rf2 d3 57.g7 Bxg2
58.Kh2  1-0

[Event "Ljubljana op"]
[Site "Ljubljana"]
[Date "1996.??.??"]
[Round "5"]
[White "Trivuncevic, B."]
[Black "Ilijin, Neboisa"]
[Result "0-1"]
[WhiteElo "2015"]
[BlackElo "2315"]

1.e4 c5 2.Nf3 e6 3.d4 cxd4 4.Nxd4 a6 5.Nc3 b5 6.Be3 Bb7 7.Bd3 Nf6 8.f3 Qc7
9.Qe2 b4 10.Na4 d5 11.Nb3 dxe4 12.fxe4 Nbd7 13.Bf2 Qc6 14.Na5 Qxa4 15.Nxb7 Be7
16.e5 Nd5 17.Nd6+ Bxd6 18.exd6 Nf4 19.Qf3 Nxd3+ 20.Qxd3 Rc8 21.b3 Qc6 22.O-O O-O
23.Rac1 Nf6 24.Bd4 Qxd6 25.Bxf6 Qxd3 26.cxd3 Rxc1 27.Rxc1 gxf6 28.Kf2 Rd8
29.Ke3 Rd5 30.Rc4 a5 31.d4 Rh5 32.h3 Rg5 33.Kf3 Kg7 34.g3 Rf5+ 35.Ke3 h5
36.Rc5 Kg6 37.Ke4 Rg5 38.Kf3 Kg7 39.h4 Rg4 40.d5 e5 41.Rxa5 Rd4 42.Rc5 Rd2
43.Ke3 Rxa2 44.d6 Ra7 45.Ke4 Kg6 46.Rc7 Ra5 47.Rc2 f5+ 48.Ke3 Rd5 49.Rc6 e4
50.d7+ f6 51.Rb6 Rxd7 52.Rxb4 Rd3+ 53.Kf2 Rd2+ 54.Kf1 Rb2 55.Rb5 e3 56.Ke1 Rg2
57.Rb8 f4 58.gxf4 Kf5 59.Rh8 Kxf4 60.Rxh5 f5 61.b4 Rb2 62.Rg5 Rxb4 63.Kf1 Rb1+
64.Kg2  0-1

[Event "Ljubljana op"]
[Site "Ljubljana"]
[Date "1996.??.??"]
[Round "7"]
[White "Jazbinsek, Sebastjan"]
[Black "Soln, Primoz"]
[Result "1/2-1/2"]
[WhiteElo "2175"]
[BlackElo "2340"]

1.e4 e6 2.d4 c5 3.Nf3 cxd4 4.Nxd4 a6 5.Nc3 Qc7 6.Be3 b5 7.Bd3 Nf6 8.a3 Bb7
9.O-O d6 10.f4 Nbd7 11.Kh1 g6 12.Qe2 Bg7 13.Nf3 O-O 14.Rad1 e5 15.Rd2 Rfe8
16.fxe5 dxe5 17.Nh4 Nc5 18.Bg5 Nh5 19.Qe3 Ne6 20.Rdf2 Nhf4 21.Bxf4 exf4 22.Qe1 Bd4
23.Re2 Rac8 24.Nd5 Qd6 25.c3 Bg7 26.Bc2  1/2-1/2

[Event "Ludwigshafen-ch 10th"]
[Site "Ludwigshafen"]
[Date "1996.??.??"]
[Round "3"]
[White "Roemer, Bjoern"]
[Black "Weiland, Marco"]
[Result "0-1"]
[WhiteElo "1655"]
[BlackElo "1805"]

1.e4 c5 2.Nf3 e6 3.d4 cxd4 4.Nxd4 a6 5.Nc3 Qc7 6.Bd3 Nf6 7.Nce2 Nc6 8.c3 Bc5
9.h3 Qb6 10.Be3 Bxd4 11.Nxd4 Qxb2 12.Qb3 Qxa1+ 13.Bb1 Nxe4 14.Ne2 Na5 15.Qc2 Nc4  0-1

[Event "Makarska"]
[Site "Makarska"]
[Date "1996.??.??"]
[Round "8"]
[White "Marciano, David"]
[Black "Hulak, Krunoslav"]
[Result "0-1"]
[WhiteElo "2495"]
[BlackElo "2545"]

1.e4 c5 2.Nf3 e6 3.d4 cxd4 4.Nxd4 a6 5.Nc3 d6 6.Be3 b5 7.Qd2 Bb7 8.f3 Nd7
9.O-O-O Ngf6 10.g4 Nb6 11.Bd3 Rc8 12.h4 Nfd7 13.g5 Ne5 14.h5 b4 15.Nce2 d5
16.g6 Nbc4 17.Bxc4 Nxc4 18.gxf7+ Kxf7 19.Qd3 Qf6 20.Rhg1 Nxe3 21.Qxe3 e5
22.Nf5 Ke8 23.h6 g6 24.Ng7+ Kf7 25.exd5 Bxg7 26.hxg7 Kxg7 27.f4 Rhe8 28.Ng3 Kh8
29.f5 gxf5 30.Nh5 Qf7 31.Qh6 Rg8 32.d6 Rg6 33.Qe3 Be4 34.c3 bxc3 35.d7 cxb2+
36.Kxb2 Rc2+ 37.Ka3 Qe7+ 38.Kb3 Qe6+ 39.Kb4 Qc4+  0-1

[Event "Manresa op"]
[Site "Manresa"]
[Date "1996.??.??"]
[Round "2"]
[White "Duran, J."]
[Black "Lupu, Mircea Sergiu"]
[Result "0-1"]
[WhiteElo "2130"]
[BlackElo "2480"]

1.e4 c5 2.Nf3 e6 3.d4 cxd4 4.Nxd4 a6 5.Nc3 Qc7 6.Be2 b5 7.Be3 Bb7 8.O-O Nf6
9.f4 Nxe4 10.Nxe4 Bxe4 11.f5 e5 12.f6 Nc6 13.fxg7 Bxg7 14.Nf5 Bxf5 15.Rxf5 Ne7
16.Rf3 O-O 17.Bd3 Qc6 18.Rh3 f5 19.Qh5 Qg6 20.Bc5 Rad8 21.Qh4 d6 22.Rg3 Qf6
23.Qxf6 Rxf6 24.Bb4 e4 25.Bf1 Nd5 26.Be1 f4 27.Rg5 Ne3 28.Be2 Rg6 29.Rxg6 hxg6
30.c3 d5 31.a4 d4 32.axb5 d3 33.Bd1 Nxd1 34.Rxd1 axb5 35.Bh4  0-1

[Event "Manresa op"]
[Site "Manresa"]
[Date "1996.??.??"]
[Round "8"]
[White "Duran, J."]
[Black "Kovacevic, Slobodan"]
[Result "0-1"]
[WhiteElo "2130"]
[BlackElo "2385"]

1.e4 c5 2.Nf3 e6 3.d4 cxd4 4.Nxd4 a6 5.Nc3 Qc7 6.Be2 b5 7.O-O Bb7 8.f4 b4
9.Na4 Bxe4 10.Be3 Nf6 11.c4 d6 12.f5 e5 13.Nc2 Nbd7 14.g4 Rb8 15.g5 Ng8 16.Bd3 Ba8
17.Ne1 Qc6 18.Kf2 h6 19.g6 Ngf6 20.Rg1 fxg6 21.Rxg6 Rg8 22.b3 Qh1 23.Ng2 Qxh2
24.Qe2 Be7 25.Rc1 h5 26.c5 Ng4+ 27.Kf1 Bxg2+  0-1

[Event "Mar del Plata op"]
[Site "Mar del Plata"]
[Date "1996.??.??"]
[Round "3"]
[White "Vasta, Eduardo"]
[Black "Palermo, Vicente"]
[Result "1-0"]
[WhiteElo "2400"]
[BlackElo "2225"]

1.e4 c5 2.Nf3 e6 3.d4 cxd4 4.Nxd4 a6 5.Nc3 Qc7 6.a3 Nf6 7.Be3 Be7 8.f4 d6
9.Qf3 Nc6 10.Bd3 Bd7 11.O-O O-O 12.Rae1 Nxd4 13.Bxd4 Bc6 14.Qg3 g6 15.f5 Nh5
16.Qh3 e5 17.Be3 Bf6 18.g3 Bg7 19.Rf2 Nf6 20.g4 Rfe8 21.Ref1 Nd7 22.Bc4 g5
23.f6 Bf8 24.Bxf7+ Kxf7 25.Qxh7+ Ke6 26.Qg8+  1-0

[Event "Mar del Plata-ch"]
[Site "Mar del Plata"]
[Date "1996.??.??"]
[Round "5"]
[White "Vasta, Eduardo"]
[Black "Cristobal, Ruben"]
[Result "1-0"]
[WhiteElo "2395"]
[BlackElo "2245"]

1.e4 e6 2.d4 c5 3.Nf3 cxd4 4.Nxd4 a6 5.Nc3 d6 6.Bc4 Nf6 7.Bb3 Be7 8.f4 Nc6
9.Be3 Qa5 10.Qf3 Bd7 11.Ne2 g6 12.g4 d5 13.exd5 Nxd5 14.Bxd5 exd5 15.O-O-O d4
16.Nxd4 Nxd4 17.Bxd4 O-O 18.Qxb7 Rad8 19.Nd5 Bh4 20.g5  1-0

[Event "LTU-ch (Women)"]
[Site "Marijampole"]
[Date "1996.??.??"]
[Round "4"]
[White "Ciuksyte, Zivile"]
[Black "Zakrevskaja, Daiva"]
[Result "1-0"]
[WhiteElo "2020"]
[BlackElo "2085"]

1.e4 c5 2.Nf3 e6 3.Nc3 a6 4.d4 cxd4 5.Nxd4 Qc7 6.Be2 Nc6 7.Be3 Nf6 8.O-O b5
9.a3 Bb7 10.Kh1 Rc8 11.Nb3 Ne5 12.f4 Nc4 13.Bxc4 bxc4 14.Nd2 d5 15.e5 Nd7
16.Bd4 Bc5 17.Nf3 Bxd4 18.Qxd4 g6 19.Rae1 Qc5 20.g4 Qxd4 21.Nxd4 Nc5 22.f5 Rf8
23.Nce2 Ke7 24.h4 Ne4 25.Kh2 gxf5 26.gxf5 Rg8 27.Rg1 exf5 28.Nf4 Kd7 29.Nxf5 Rce8
30.Rxg8 Rxg8 31.Nh6 Rf8 32.Rd1 c3 33.bxc3 Nxc3 34.Rd3 Nb5 35.Ng4 Nc7 36.Kh3 Kc8
37.Nf6 Rd8 38.Nxh7 Re8 39.Ng5 Rxe5 40.Nxf7 Re7 41.Nd6+ Kb8 42.Nxb7 Kxb7 43.h5 Kc6
44.Kg4 Re5 45.Ng6 Re4+ 46.Kf5 Ne8 47.h6 Nd6+ 48.Kf6 Ne8+ 49.Kg5 Nd6 50.h7 Re2
51.Rf3 Rg2+ 52.Kh5  1-0

[Event "LTU-ch (Women)"]
[Site "Marijampole"]
[Date "1996.??.??"]
[Round "7"]
[White "Bandziene, Rasa"]
[Black "Zakrevskaja, Daiva"]
[Result "1/2-1/2"]
[WhiteElo "2165"]
[BlackElo "2085"]

1.e4 c5 2.Nf3 e6 3.d4 cxd4 4.Nxd4 a6 5.Nc3 Qc7 6.g3 Nc6 7.Bg2 Nf6 8.O-O Nxd4
9.Qxd4 Bc5 10.Qd3 O-O 11.Bf4 d6 12.Rad1 Ne8 13.Kh1 h6 14.a3 a5 15.Qe2 Bd7
16.e5 Bc6 17.f3 dxe5 18.Bxe5 Bd6 19.Bd4 e5 20.Bg1 Qe7 21.Ne4 Bxe4 22.Qxe4 Nf6
23.Qe2 Bc5 24.Rfe1 Bxg1 25.Kxg1 Qc5+ 26.Qf2 Qxf2+ 27.Kxf2 Rac8 28.c3 Rc5
29.Rd3 Re8 30.Rd6 b5 31.Re3 Rb8 32.b4 axb4 33.axb4 Rd5 34.Rxd5 Nxd5 35.Rd3 Nb6
36.Bf1 Na4 37.Re3 f6 38.c4 Nb2 39.Re4 bxc4 40.Bxc4+ Nxc4 41.Rxc4 Rb7 42.Ke3 f5
43.g4 g6 44.gxf5 gxf5 45.f4 exf4+ 46.Rxf4 Kg7 47.Kd3 Kf6 48.Kc4 Kg5 49.Rf1 Rc7+
50.Kd5 Rc2 51.Rb1 Rxh2 52.b5 Rd2+ 53.Ke5 Re2+ 54.Kd4 Rd2+ 55.Ke3 Rd7 56.Rg1+ Kf6
57.b6 Ke5 58.Rb1 Rb7 59.Rb5+ Kd6 60.Kf4  1/2-1/2

[Event "Marijampole op"]
[Site "Marijampole"]
[Date "1996.??.??"]
[Round "7"]
[White "Macionis, Andrius"]
[Black "Chekurov, Vyacheslav"]
[Result "1/2-1/2"]
[WhiteElo "2295"]
[BlackElo "2330"]

1.e4 c5 2.Nf3 e6 3.d4 cxd4 4.Nxd4 a6 5.Nc3 b5 6.Bd3 Bb7 7.O-O d6 8.a4 b4
9.Na2 Nf6 10.Qe2 e5 11.Nf3 Nc6 12.Bg5 Be7 13.Bxf6 Bxf6 14.c3 bxc3 15.Nxc3 Nd4
16.Nxd4 exd4 17.Nd5 O-O 18.a5 g6 19.Bc4 Bg7 20.Nb6 Ra7 21.Qd3 Re8 22.Bd5 Bxd5
23.exd5 Qe7 24.b3 Qe2  1/2-1/2

[Event "Wch U18 Girls"]
[Site "Menorca"]
[Date "1996.??.??"]
[Round "2"]
[White "Blimke, Dalia"]
[Black "Ratcu, Tatiana"]
[Result "1/2-1/2"]
[WhiteElo "2145"]
[BlackElo "2190"]

1.e4 c5 2.Nf3 e6 3.d4 cxd4 4.Nxd4 a6 5.Nc3 Qc7 6.Bd3 Nf6 7.Be3 Be7 8.O-O O-O
9.Kh1 d6 10.f4 Nc6 11.Qf3 Re8 12.Rae1 Bd7 13.Qg3 Nxd4 14.Bxd4 Bc6 15.e5 Nh5
16.Qh3 g6 17.Be4 Red8 18.exd6 Bxd6 19.Be5 Nxf4 20.Bxd6 Qxd6 21.Qf3 e5 22.Bxc6 Qxc6
23.Qxc6 bxc6 24.Rxe5 Ne6 25.Re2 Rab8 26.b3 Rb7 27.g3 Rb4 28.Kg2 Kg7 29.Rff2 Rd7
30.Re4 Rxe4 31.Nxe4 f5 32.Rd2 Rd4 33.Rxd4 Nxd4 34.Nc5 Nxc2 35.Nxa6 Kf6 36.Nc5 Ke7
37.Kf3 Kd6 38.Nd3 g5 39.Ke2 c5 40.Kd2 Nd4 41.Kc3 Kd5  1/2-1/2

[Event "Wch U16 Girls"]
[Site "Menorca"]
[Date "1996.??.??"]
[Round "10"]
[White "Ionica, Iulia"]
[Black "Goletiani, Rusudan"]
[Result "1-0"]
[WhiteElo "2140"]
[BlackElo "2250"]

1.e4 c5 2.Nf3 e6 3.d4 cxd4 4.Nxd4 a6 5.Nc3 Qc7 6.Be2 Nf6 7.O-O Nc6 8.Be3 Bb4
9.Bd3 Ne5 10.h3 Nc4 11.Bxc4 Qxc4 12.e5 Nd5 13.Ne4 Qc7 14.Qh5 Be7 15.c4 Qxc4
16.Qg4 g6 17.Bg5 h5 18.Qh4 Bxg5 19.Nd6+ Ke7 20.Qxg5+ f6 21.Qxg6  1-0

[Event "Minsk op"]
[Site "Minsk"]
[Date "1996.??.??"]
[Round "1"]
[White "Kravchenia, Anastasia"]
[Black "Chernuschevich, Alexei"]
[Result "0-1"]
[WhiteElo "2560"]
[BlackElo "2560"]

1.e4 c5 2.Nf3 e6 3.d4 cxd4 4.Nxd4 a6 5.Nc3 Qc7 6.Be3 Bb4 7.Bd2 Nf6 8.Bd3 Nc6
9.Nde2 Bc5 10.h3 b5 11.a3 Bb7 12.O-O Ne5 13.Bf4 O-O 14.Qd2 d6 15.Be3 Ned7
16.Bxc5 dxc5 17.Ng3 Rfd8 18.Qe3 c4 19.Be2 Qc6 20.Qf4 Nf8 21.Rad1 e5 22.Qc1 Ne6
23.Bf3 Nd4 24.Bh5 Qc7 25.Rfe1 g6 26.Be2 h5 27.Bf1 g5 28.f3 Qc5 29.Kh2 Ne6
30.Rxd8+ Rxd8 31.Qe3 Qxe3 32.Rxe3 Nd4 33.Re1 Nxc2 34.Rc1 Nd4 35.Rd1  0-1

[Event "BLR-ch Minsk"]
[Site "Minsk"]
[Date "1996.??.??"]
[Round "6"]
[White "Korzubov, Peter"]
[Black "Smirnov, Valerij"]
[Result "1-0"]
[WhiteElo "2440"]
[BlackElo "2395"]

1.e4 c5 2.Nc3 e6 3.Nge2 a6 4.d4 cxd4 5.Nxd4 Qc7 6.Be3 Bb4 7.Ne2 Nf6 8.a3 Be7
9.Ng3 h5 10.Be2 g6 11.O-O h4 12.Nh1 Nc6 13.f4 d6 14.Bf3 Na5 15.Nf2 Nc4 16.Bc1 Bd7
17.a4 Rc8 18.b3 Na5 19.Bb2 Nc6 20.Qd2 Rh7 21.Rae1 Kf8 22.Nh3 Ne8 23.Nd1 Bf6
24.Bxf6 Nxf6 25.Ne3 Ne8 26.Ng5 Rg7 27.Bg4 Kg8 28.Qf2 Nb4 29.Bd1 f6 30.Nf3 b5
31.Qxh4 bxa4 32.e5 dxe5 33.fxe5 Nd5 34.Nxd5 exd5 35.bxa4 g5 36.Qd4 Qc5 37.exf6 Nxf6
38.Qxc5 Rxc5 39.Ne5 Ne4 40.c4 Nd2 41.Nxd7 Rxd7 42.Rf5 Nxc4 43.Rxg5+ Rg7 44.Rf5 Rf7
45.Re8+ Kg7 46.Rg5+ Kf6 47.h4 Rg7 48.Rf8+ Ke7 49.Ra8 Rxg5 50.hxg5 Nb6 51.Ra7+ Kf8
52.Kf2 a5 53.g6 Nc8 54.Rf7+ Kg8 55.Bb3 Nd6 56.Rd7 Ne4+ 57.Ke2 Nf6 58.Rb7 Rc3
59.Kf1 Rg3 60.Rb5 Kg7 61.Bxd5 Nxd5 62.Rxd5 Ra3 63.Rxa5 Kxg6 64.Kf2 Kf6 65.g3 Kg6
66.Kg2 Rc3 67.Rb5 Ra3 68.a5 Kf6 69.Kh3 Kg6 70.Kh4 Ra4+ 71.g4 Ra1 72.Rb6+ Kf7
73.a6 Kg7 74.Kh5 Kf7 75.Rb7+ Kf6 76.g5+ Kf5 77.Rf7+ Ke6 78.Kg6  1-0

[Event "Minsk op"]
[Site "Minsk"]
[Date "1996.??.??"]
[Round "8"]
[White "Bezgodov, Alexei"]
[Black "Berezjuk, Sergej"]
[Result "1-0"]
[WhiteElo "2485"]
[BlackElo "2425"]

1.e4 c5 2.Nf3 e6 3.d4 cxd4 4.Nxd4 a6 5.Nc3 b5 6.Bd3 d6 7.a4 b4 8.Na2 Nf6
9.O-O Bb7 10.Nxb4 d5 11.e5 Bxb4 12.exf6 Qxf6 13.c3 Bd6 14.Qb3 Qe7 15.Re1 Qc7
16.Nf5 Bxh2+ 17.Kh1 O-O 18.Nxg7 Nc6 19.Qd1 Ne5 20.Re3 Kxg7 21.Rh3 f5 22.Rxh2 Nxd3
23.Qxd3 Qf7 24.Bd2 Kg8 25.Re1 Rae8 26.Qh3 Qg6 27.Bf4  1-0

[Event "Minsk"]
[Site "Minsk"]
[Date "1996.??.??"]
[Round "9"]
[White "Kupreichik, Viktor D"]
[Black "Sulskis, Sarunas"]
[Result "1-0"]
[WhiteElo "2485"]
[BlackElo "2505"]

1.e4 c5 2.Nf3 e6 3.Nc3 a6 4.d4 cxd4 5.Nxd4 b5 6.g3 b4 7.Na4 Bb7 8.Bg2 Nf6
9.Qe2 d6 10.O-O Nbd7 11.a3 a5 12.Rd1 e5 13.Nb5 Ba6 14.axb4 axb4 15.c4 bxc3
16.Naxc3 Bxb5 17.Rxa8 Bxe2 18.Rxd8+ Kxd8 19.Nxe2 Be7 20.Nc3 Kc7 21.Bf1 Rb8
22.Bc4 Nc5 23.f3 Ne6 24.Kf2 h5 25.b3 Nd4 26.Be3 Nxb3 27.Nb5+ Kc6 28.Bxb3 Kxb5
29.Rc1 Bd8 30.Bc4+ Kc6 31.Be6+ Kb7 32.Bxf7 Bb6 33.Bxb6 Kxb6 34.Bd5 Ka5 35.Ra1+ Kb6
36.Rc1 Ka5 37.Ke3 g5 38.Rc2 Rb5 39.Be6 g4 40.fxg4 Nxg4+ 41.Kf3 Kb6 42.h3 Nf6
43.g4 hxg4+ 44.hxg4 Ra5 45.Rb2+ Kc7 46.g5 Nh7 47.Kg4 Ra1 48.Rg2 Nf8 49.Bf5 d5
50.exd5 Kd6 51.Be4 Rf1 52.Re2 Nd7 53.Kg3 Nc5 54.Bf3 Rg1+ 55.Bg2 e4 56.g6 Ke7
57.Kh2 Rd1 58.Bxe4 Nxe4 59.Rxe4+ Kf8 60.Re5 Kg7 61.Rg5 Rf1 62.Kh3 Rf6 63.Kg4 Rf1
64.Rf5 Rg1+ 65.Kf4 Kxg6 66.Re5 Kf7 67.Re6 Ra1 68.Ke5 Ra4 69.Rh6 Ke7 70.Rh7+ Kd8
71.Ke6 Re4+ 72.Kd6 Kc8 73.Rh8+ Kb7 74.Kd7 Rg4 75.d6 Rg7+ 76.Ke6 Rg6+ 77.Ke7  1-0

[Event "Montreal op"]
[Site "Montreal"]
[Date "1996.??.??"]
[Round "2"]
[White "Spraggett, Kevin"]
[Black "Boudy, Julio"]
[Result "1-0"]
[WhiteElo "2545"]
[BlackElo "2280"]

1.e4 c5 2.Nc3 e6 3.Nge2 a6 4.d4 cxd4 5.Nxd4 b5 6.Bd3 Qb6 7.Nf3 Nc6 8.O-O d6
9.Qe2 Nf6 10.a4 b4 11.Nb1 Be7 12.Nbd2 O-O 13.Nc4 Qc7 14.a5 Nd7 15.Bf4 Bb7
16.Rfd1 Nce5 17.Nfxe5 dxe5 18.Be3 Bc5 19.f3 Rad8 20.b3 Nb8 21.Nb2 Bd4 22.Bxd4 Rxd4
23.Kh1 Rfd8 24.h3 Qc5 25.Rdc1 R4d7 26.Bc4 Qd4 27.Nd3 Nc6 28.Qe1 Qc3 29.Ra4 Rxd3
30.cxd3 Qxe1+ 31.Rxe1 Kf8 32.Rc1 Ra8 33.Kg1 Ke7 34.Kf2 Kd6 35.Ke3 g5 36.h4 h6
37.hxg5 hxg5 38.Rh1 Rg8 39.Rh7 Ke7 40.Ra2 Rc8 41.g3 Rg8 42.Rah2 Nd4 43.Rh8  1-0

[Event "Maitrise op"]
[Site "Montreal"]
[Date "1996.??.??"]
[Round "6"]
[White "Bergeron, Marc"]
[Black "Moisan Plante, Marc Olivier"]
[Result "1/2-1/2"]
[WhiteElo "2030"]
[BlackElo "2160"]

1.e4 c5 2.Nf3 e6 3.d4 cxd4 4.Nxd4 a6 5.Nc3 Nc6 6.Be2 Nge7 7.Be3 Nxd4 8.Qxd4 b5
9.f4 Nc6 10.Qd2 Bb7 11.O-O Be7 12.Rad1 d6 13.Qe1 Qc7 14.Qf2 Rc8 15.Bb6 Qb8
16.f5 O-O 17.Qg3 b4 18.Be3 d5 19.Bf4 Qa7+ 20.Kh1 bxc3 21.Bh6 g6 22.fxe6 fxe6
23.Bh5 Rxf1+ 24.Rxf1 Qb8 25.Qg4 Qe5 26.Bxg6 cxb2 27.Bf5+ Kh8 28.Bxe6 Bd6
29.Qh3 Rb8 30.Bf5 Ba8 31.Bg5 Rb7 32.Qh6 Qxh2+ 33.Qxh2 Bxh2 34.Bf6+ Kg8 35.Be6+ Kf8
36.Bxb2+ Ke7 37.exd5 Rxb2 38.Rf7+ Kd6 39.Kxh2 Rxc2 40.Bf5 Ne5 41.Rf6+ Kxd5
42.Rxa6 Rf2 43.Bxh7 Bc6 44.Kg3 Rb2 45.Kf4 Kd6 46.Be4 Rb4 47.Kf5 Rc4 48.Bxc6 Nxc6
49.g4 Ke7 50.g5 Kf7 51.g6+ Kg7 52.Ke6 Nb4 53.Ra4 Kxg6 54.a3  1/2-1/2

[Event "Moscow GM2"]
[Site "Moscow"]
[Date "1996.??.??"]
[Round "?"]
[White "Guliev, Logman"]
[Black "Dragomarezkij, Evgeni"]
[Result "1-0"]
[WhiteElo "2350"]
[BlackElo "2455"]

1.e4 c5 2.Nf3 e6 3.d4 cxd4 4.Nxd4 a6 5.Nc3 Qc7 6.g3 Nf6 7.Bg2 Be7 8.O-O d6
9.a4 Nc6 10.Nb3 O-O 11.f4 Rb8 12.g4 b5 13.axb5 axb5 14.g5 Nd7 15.Rf3 b4 16.Ne2 Re8
17.Be3 Bf8 18.Rh3 g6 19.Qd2 Bb7 20.Rd1 Rbd8 21.Ng3 Na5 22.Nxa5 Qxa5 23.Nh1 Bg7
24.Nf2 Bxb2 25.Ng4 Bg7 26.Qf2 f5 27.gxf6 Nxf6 28.Nxf6+ Bxf6 29.Bb6 Qa8 30.Bxd8 Rxd8
31.Qg3 Qc8 32.Qb3 Kh8 33.Qxb4 Qxc2 34.Rhd3 Rd7 35.Rxd6 Bc3 36.Qa3 Rf7 37.Rc1 Bb2
38.Qa8+ Bxa8 39.Rxc2  1-0

[Event "Moscow-D"]
[Site "Moscow"]
[Date "1996.??.??"]
[Round "?"]
[White "Kochetkov, German"]
[Black "Lomineishvili, Maia"]
[Result "0-1"]
[WhiteElo "2385"]
[BlackElo "2305"]

1.e4 c5 2.Nf3 e6 3.d4 cxd4 4.Nxd4 a6 5.Nc3 Qc7 6.g3 Bb4 7.Bd2 Nc6 8.Nxc6 dxc6
9.Bg2 Nf6 10.O-O O-O 11.Qe2 e5 12.Bg5 Bxc3 13.bxc3 Ne8 14.Rfd1 Be6 15.Qd3 f6
16.Be3 c5 17.a4 Rf7 18.c4 a5 19.f3 Rd7 20.Qb3 Nd6 21.Bf1 Rb8 22.Rab1 b6 23.Rd2 f5
24.Qc3 Re8 25.Qb3 Rb8 26.Qc3 fxe4 27.Qxe5 Re8 28.Rbd1 Nxc4  0-1

[Event "Moscow IM1"]
[Site "Moscow"]
[Date "1996.??.??"]
[Round "?"]
[White "Mkrtchan, Lilit"]
[Black "Annakov, Babakuli"]
[Result "0-1"]
[WhiteElo "2170"]
[BlackElo "2360"]

1.e4 c5 2.Nf3 e6 3.d4 cxd4 4.Nxd4 a6 5.Nc3 Qc7 6.a3 Nf6 7.Bd3 d6 8.O-O Be7
9.Kh1 O-O 10.f4 Nbd7 11.Qf3 b5 12.Bd2 Bb7 13.Rae1 Rad8 14.Qg3 Kh8 15.a4 b4
16.Nd1 Nc5 17.Bxb4 Ncxe4 18.Qe3 g6 19.Nb3 Rb8 20.Nc3 Nxc3 21.Bxc3 Kg8 22.Qe2 Nd5
23.Bd4 Nb4 24.Rf2 Nxd3 25.Qxd3 Bh4 26.Ree2 Bxf2 27.Rxf2 e5 28.Bc3 f6 29.Na5 Kg7
30.Rd2 Rfd8 31.Nc4 d5 32.Nxe5 Re8 33.Nf3 Qxf4 34.Bd4 Qe4 35.Qc3 Qe7 36.Rd1 Rbc8
37.Qb3 Bc6 38.h3 Qd7 39.Qc3 Bxa4 40.Bxf6+ Kg8 41.Qd4 Bxc2 42.Rf1 Be4 43.Ng5 Qb5
44.Rg1 Qc5 45.Qd2 Rf8 46.Ne6 Qd6 47.Qh6 Rf7 48.Ng5 Qxf6  0-1

[Event "Moscow-ch"]
[Site "Moscow"]
[Date "1996.??.??"]
[Round "2"]
[White "Vorobiov, Evgeny E"]
[Black "Shaposhnikov, Evgeny"]
[Result "1-0"]
[WhiteElo "2440"]
[BlackElo "2345"]

1.e4 c5 2.Nf3 e6 3.Nc3 a6 4.d4 cxd4 5.Nxd4 Qc7 6.Bd3 Nf6 7.Be3 Bb4 8.O-O Bxc3
9.bxc3 d5 10.exd5 Nxd5 11.Qh5 Nf6 12.Qh4 Nbd7 13.Rae1 O-O 14.Bg5 Re8 15.Re3 e5
16.Nf5 Qb6 17.Nxg7 Kxg7 18.Qh6+ Kh8 19.Bxf6+ Nxf6 20.Bxh7 Bg4 21.Rg3 Re6
22.Bg6+ Kg8 23.Rxg4 fxg6 24.Rxg6+ Kf7 25.Rg7+  1-0

[Event "RUS-Cup2"]
[Site "Moscow"]
[Date "1996.??.??"]
[Round "5"]
[White "Losev, Dmitry"]
[Black "Kobalija, Mihail"]
[Result "0-1"]
[WhiteElo "2375"]
[BlackElo "2495"]

1.e4 c5 2.Nc3 e6 3.Nf3 a6 4.d4 cxd4 5.Nxd4 Qc7 6.Be2 b5 7.f4 Bb7 8.Bf3 Nc6
9.Be3 Na5 10.O-O Nc4 11.Bc1 Bc5 12.Kh1 Ne7 13.Qd3 Na5 14.Be3 O-O 15.Rad1 Rad8
16.b3 d6 17.Bg4 e5 18.Nf5 Nxf5 19.exf5 e4 20.Qd2 Bb4 21.Bd4 Rc8 22.Nxb5 Qxc2
23.Qxb4 e3 24.Rg1 Nc6 25.Qe1 axb5 26.Bxe3 h5 27.Bxh5 Qxf5 28.Bf3 Nd8 29.Bxb7 Nxb7
30.Qf2 Nc5 31.Bxc5 dxc5 32.Qf3 Rfd8 33.h3 c4 34.Rxd8+ Rxd8 35.bxc4 bxc4 36.Re1 Qc5
37.Qe2 c3 38.Qc2 Qb4 39.Rc1 Rd2 40.Qb3 Qe4 41.Rg1 c2 42.Qc3 Rd1  0-1

[Event "Moscow Alekhine op"]
[Site "Moscow"]
[Date "1996.??.??"]
[Round "5"]
[White "Nikolenko, Oleg"]
[Black "Shaposhnikov, Evgeny"]
[Result "1/2-1/2"]
[WhiteElo "2485"]
[BlackElo "2320"]

1.e4 c5 2.Nf3 e6 3.Nc3 a6 4.d4 cxd4 5.Nxd4 Qc7 6.g3 Bb4 7.Ne2 Nf6 8.Bg2 Be7
9.O-O Nc6 10.Nf4 O-O 11.Nd3 d6 12.g4 b5 13.g5 Nd7 14.a3 Bb7 15.Kh1 Rae8 16.f4 f6
17.h4 fxg5 18.hxg5 d5 19.exd5 Nd4 20.Be3 Nf5 21.Bf2 e5 22.Qg4 exf4 23.Rae1 Bc8
24.Qxf4 Bd6 25.Qd2 Ne5  1/2-1/2

[Event "Moscow Alekhine op"]
[Site "Moscow"]
[Date "1996.??.??"]
[Round "9"]
[White "Brylev, Igor"]
[Black "Dragomarezkij, Evgeni"]
[Result "0-1"]
[WhiteElo "2255"]
[BlackElo "2455"]

1.e4 c5 2.Nf3 e6 3.d4 cxd4 4.Nxd4 a6 5.Nc3 Qc7 6.g3 Nf6 7.Bg2 Be7 8.O-O d6
9.Re1 O-O 10.h3 Nc6 11.Nxc6 bxc6 12.Na4 Nd7 13.c4 Rb8 14.Be3 c5 15.b3 Bb7
16.Nc3 Ne5 17.f4 Nc6 18.Rc1 Rfd8 19.Kh2 Bf6 20.Na4 Ba8 21.Qe2 Bd4 22.Bxd4 Nxd4
23.Qe3 Bc6 24.Nc3 Qb7 25.Ne2 e5 26.Nxd4 exd4 27.Qd2 Re8 28.e5 dxe5 29.fxe5 Re6
30.Bxc6 Qxc6 31.Qg2 Qd7 32.Re4 a5 33.Rb1 h6 34.Qe2 Rbe8 35.Re1 f5  0-1